[Event "Berlin op 09"]
[Site "Berlin"]
[Date "2004.09.20"]
[Round "3"]
[White "Kreuchauf, Olaf"]
[Black "Tamm, Wolfgang"]
[Result "1/2-1/2"]
[WhiteElo "1608"]
[BlackElo "1547"]
[PlyCount "107"]
[EventDate "2004.09.06"]
[EventType "swiss"]
[EventRounds "7"]
[EventCountry "GER"]
[SourceTitle "EXT 2007"]
[Source "ChessBase"]
[SourceDate "2006.11.23"]
[SourceVersion "1"]
[SourceVersionDate "2006.11.23"]
[SourceQuality "1"]

1. e3 e5 2. Nf3 d6 3. d4 e4 4. Nfd2 d5 5. c4 c6 6. Nc3 Nf6 7. Be2 Be7 8. 0-0 0-0 9. f3 exf3 10. Bxf3 Bb4 11. c5 Bxc3 12. bxc3 Bf5 13. Qb3 Qe7 14. Kh1 Re8 15. Re1 Qc7 16. c4 Bg4 17. cxd5 Bxf3 18. gxf3 cxd5 19. Rb1 Re7 20. Nf1 Nc6 21. Ng3 Nxd4 22. Qb2 Nxf3 23. Rf1 Nh4 24. Rxf6 gxf6 25. Qxf6 Re6 26. Qxh4 Qc6 27. Qd4 Rg6 28. Bb2 Kf8 29. Nf5 Rg8 30. Bc3 Qg6 31. Qxd5 Qc6 32. Qxc6 bxc6 33. Nd6 Ke7 34. Rb7+ Ke6 35. Rxf7 Raf8 36. Rxf8 Rxf8 37. Kg2 Kd5 38. Bd4 Rb8 39. h4 h5 40. Kg3 Rg8+ 41. Kf3 Rg4 42. Nf5 Re4 43. Ke2 Ke6 44. Ng7+ Kd5 45. Nf5 Ke6 46. Ng7+ Kd5 47. Nxh5 Rxh4 48. Nf6+ Kc4 49. Nd7 Rh2+ 50. Kf3 Rxa2 51. Ke4 a5 52. Ke5 a4 53. Nb6+ Kb5 54. Nxa4 1/2-1/2

[Event "Berlin op 10"]
[Site "Berlin"]
[Date "2003.11.17"]
[Round "6"]
[White "Radloff, Rainer"]
[Black "Tamm, Wolfgang"]
[Result "1-0"]
[WhiteElo "1563"]
[BlackElo "1588"]
[PlyCount "117"]
[EventDate "2003.10.13"]
[EventType "swiss"]
[EventRounds "7"]
[EventCountry "GER"]
[SourceTitle "EXT 2007"]
[Source "ChessBase"]
[SourceDate "2006.11.23"]
[SourceVersion "1"]
[SourceVersionDate "2006.11.23"]
[SourceQuality "1"]

1. d4 Nf6 2. c4 e6 3. Nc3 Bb4 4. Qc2 Nc6 5. e3 Qe7 6. Bd2 0-0 7. Bd3 Bxc3 8. Bxc3 Nb4 9. Bxb4 Qxb4+ 10. Qd2 Qxd2+ 11. Kxd2 a5 12. Ne2 b6 13. Rhc1 Bb7 14. f3 d6 15. Nc3 Bc6 16. Nb5 Bxb5 17. cxb5 Rfc8 18. Rc6 Ne8 19. a4 g6 20. Rac1 Kf8 21. e4 Ke7 22. Ke3 Kd7 23. Bf1 Nf6 24. g3 Ra7 25. d5 Re8 26. dxe6+ fxe6 27. Bc4 Nd5+ 28. exd5 exd5+ 29. Kd4 dxc4 30. R6xc4 Re2 31. R1c2 Re5 32. f4 Rc5 33. Rxc5 bxc5+ 34. Kd5 Rb7 35. Re2 Rb6 36. Re3 Rb8 37. h3 Rf8 38. b3 Rf5+ 39. Kc4 Rf6 40. Kd5 h5 41. Kc4 h4 42. Kc3 hxg3 43. Rxg3 d5 44. Rg5 Rd6 45. Kd3 Ke7 46. f5 gxf5 47. Rxf5 Ke6 48. Rh5 Rd7 49. Rh6+ Kf5 50. Rc6 Rh7 51. Rxc5 Rxh3+ 52. Kc2 Rh2+ 53. Kb1 Ke4 54. Rxc7 d4 55. b6 d3 56. b7 d2 57. Kc2 Ke3 58. Re7+ Kd4 59. b8Q 1-0

[Event "Berlin op 10"]
[Site "Berlin"]
[Date "2003.11.10"]
[Round "5"]
[White "Tamm, Wolfgang"]
[Black "Berg, Gerd"]
[Result "1-0"]
[WhiteElo "1588"]
[BlackElo "1424"]
[PlyCount "53"]
[EventDate "2003.10.13"]
[EventType "swiss"]
[EventRounds "7"]
[EventCountry "GER"]
[SourceTitle "EXT 2007"]
[Source "ChessBase"]
[SourceDate "2006.11.23"]
[SourceVersion "1"]
[SourceVersionDate "2006.11.23"]
[SourceQuality "1"]

1. e4 c5 2. Nf3 Nc6 3. Bc4 e6 4. 0-0 d6 5. d4 cxd4 6. Nxd4 a6 7. a3 Qc7 8. Nc3 Nge7 9. Qd3 Ne5 10. Ndb5 axb5 11. Nxb5 Nxd3 12. Nxc7+ Kd8 13. Nxa8 Nc5 14. Bd2 Nc6 15. f3 Ke7 16. b4 Nd7 17. a4 g6 18. b5 Nce5 19. Bb3 Bg7 20. Ra2 b6 21. a5 Bb7 22. Nxb6 Nc5 23. a6 Nxb3 24. axb7 Nxd2 25. Nc8+ Kd7 26. b8Q Rxc8 27. Ra7+ 1-0

[Event "Berlin op 10"]
[Site "Berlin"]
[Date "2003.10.13"]
[Round "1"]
[White "Von Loehneysen, Leonard"]
[Black "Tamm, Wolfgang"]
[Result "1-0"]
[WhiteElo "1918"]
[BlackElo "1588"]
[PlyCount "72"]
[EventDate "2003.10.13"]
[EventType "swiss"]
[EventRounds "7"]
[EventCountry "GER"]
[SourceTitle "EXT 2007"]
[Source "ChessBase"]
[SourceDate "2006.11.23"]
[SourceVersion "1"]
[SourceVersionDate "2006.11.23"]
[SourceQuality "1"]

1. c4 Nf6 2. Nc3 c5 3. e4 e5 4. g3 Be7 5. Bg2 d6 6. Nge2 Nc6 7. d3 h6 8. 0-0 0-0 9. f4 Bg4 10. h3 Bxe2 11. Nxe2 Nd4 12. Nxd4 cxd4 13. b4 Nd7 14. a4 a5 15. bxa5 Rxa5 16. Bd2 Ra6 17. Bb4 b6 18. Qh5 Nf6 19. Qe2 Nd7 20. Rfb1 Nc5 21. Bxc5 bxc5 22. Rb5 Ra5 23. Qd2 Ra7 24. Bf3 Qa8 25. a5 Rb8 26. a6 f6 27. Bg4 Rxb5 28. Be6+ Kh7 29. cxb5 Qb8 30. Bc4 Bd8 31. Rf1 Bb6 32. fxe5 dxe5 33. Qe2 Qe8 34. Qg4 Re7 35. Kg2 Qg6 36. Bg8+ Kxg8 1-0

[Event "Berlin Eckbauer op 4th"]
[Site "Berlin"]
[Date "2001.11.12"]
[Round "7"]
[White "Tamm, Wolfgang"]
[Black "Nuristani, Akbar"]
[Result "0-1"]
[WhiteElo "1615"]
[BlackElo "1875"]
[PlyCount "122"]
[EventDate "2001.10.??"]
[EventType "swiss"]
[EventRounds "7"]
[EventCountry "GER"]
[SourceTitle "EXT 2005"]
[Source "ChessBase"]
[SourceDate "2004.11.15"]
[SourceVersion "1"]
[SourceVersionDate "2004.11.15"]
[SourceQuality "1"]

1. e4 g6 2. Nf3 Bg7 3. d4 d6 4. h3 Nf6 5. Nc3 0-0 6. Bc4 b6 7. Bg5 Bb7 8. Qd3 Nbd7 9. 0-0 e5 10. dxe5 dxe5 11. Rad1 Qe8 12. Bxf6 Nxf6 13. Nd5 Bxd5 14. Bxd5 Rd8 15. Qc4 Qe7 16. Rd3 Rd6 17. Rfd1 Rfd8 18. Qa6 c5 19. Bb7 Ne8 20. Rxd6 Nxd6 21. Bd5 Kf8 22. Qe2 f5 23. Ne1 Qd7 24. Rd3 Qe7 25. b3 f4 26. Qg4 Nb5 27. Qe6 Qxe6 28. Bxe6 Rxd3 29. cxd3 Nd4 30. Bd5 Ne2+ 31. Kf1 Nc3 32. a4 Nxd5 33. exd5 Ke7 34. Nc2 Kd6 35. Ke2 Kxd5 36. Kf3 h5 37. g4 h4 38. Ke2 e4 39. dxe4+ Kxe4 40. f3+ Kd5 41. Kd3 Bb2 42. Ne1 Ba3 43. Nc2 Bb4 44. Na1 a6 45. Nc2 g5 46. Na1 b5 47. axb5 axb5 48. Nc2 c4+ 49. bxc4+ bxc4+ 50. Ke2 Ba5 51. Kd1 c3 52. Ke2 Kc4 53. Kd1 Kd3 54. Na3 Bb4 55. Nc2 Bc5 56. Ne1+ Ke3 57. Kc2 Bd4 58. Kd1 Bf6 59. Nc2+ Kxf3 60. Ke1 Kg3 61. Ke2 f3+ 0-1

[Event "Berlin op 10"]
[Site "Berlin"]
[Date "2000.11.20"]
[Round "6"]
[White "Gabriel, Reiner"]
[Black "Tamm, Wolfgang"]
[Result "1-0"]
[WhiteElo "2002"]
[BlackElo "1564"]
[PlyCount "80"]
[EventDate "2000.10.16"]
[EventType "swiss"]
[EventRounds "7"]
[EventCountry "GER"]
[SourceTitle "EXT 2007"]
[Source "ChessBase"]
[SourceDate "2006.11.23"]
[SourceVersion "1"]
[SourceVersionDate "2006.11.23"]
[SourceQuality "1"]

1. d4 Nf6 2. c4 d5 3. cxd5 Qxd5 4. Nc3 Qh5 5. Nf3 Bf5 6. Qb3 Bc8 7. Bf4 Qa5 8. e3 Qb6 9. Qc2 e6 10. Bd3 Bb4 11. 0-0 Bd7 12. Na4 Bxa4 13. Qxa4+ Nc6 14. Ne5 Qa5 15. Qb3 0-0 16. Nc4 Qd5 17. Bxc7 b5 18. Nd6 Qxb3 19. axb3 Nd5 20. Rfc1 Nce7 21. Nxb5 Nxc7 22. Nxc7 Rac8 23. Rxa7 Nd5 24. Rc4 Rxc7 25. Raxc7 Nxc7 26. Rxb4 g6 27. g3 Ra8 28. Ra4 Rb8 29. b4 Kf8 30. b5 Rb6 31. Rc4 Nd5 32. e4 Ne7 33. Rc5 Ke8 34. f4 Kd7 35. Kf2 Rb8 36. Ke3 f6 37. h4 h5 38. f5 gxf5 39. exf5 Nd5+ 40. Kf3 exf5 1-0